000 02886nam0a2200481 4500
001 RU\NLR\BIBL_A\022238273
005 20240703113201.0
010 _a978-5-907653-12-2
_91000
021 _aRU
_bКН-П-24-020116
_9КН-П-24-2104
035 _a(NLR Aleph) 022238273
090 _a13152391
_c13152391
100 _a20240530d2023 k y0rusy50 ca
101 0 _arus
_deng
102 _aRU
105 _aach z 110yy
181 0 _ai2
_baxxe
181 0 _ab2
_bbb2e
182 0 _an
200 1 _aЕгиптомания. К 200-летию дешифровки египетских иероглифов Ж.-Ф. Шампольоном
_dEgyptomania. For the 200th anniversary of the decipherment of Egyptian hieroglyphs by Jean-François Champollion
_eкаталог выставки
_fГосударственный Эрмитаж
_zeng
203 _aТекст
_aИзображение
_bвизуальные
_cнепосредственные
210 _aСанкт-Петербург
_cИзд-во Государственного Эрмитажа
_d2023
215 _a662 с.
_cил., цв. ил., портр., факс.
_d30
300 _aЗагл. обл. и корешка: Египтомания
320 _aБиблиогр.: с. 634-660 и в конце ст.
510 1 _aEgyptomania. For the 200th anniversary of the decipherment of Egyptian hieroglyphs by Jean-François Champollion
_zeng
512 1 _aЕгиптомания
601 0 2 _aГосударственный Эрмитаж
_cСанкт-Петербург, город
_jКаталоги
_xВыставки
_z2022 - 2023
_92551024
_3RU\NLR\AUTH\6601722669
606 1 _aИзобразительное искусство
_jКаталоги
_xВыставки
_yСанкт-Петербург, город
_z2022 - 2023
_92592697
_3RU\NLR\AUTH\6601741784
606 1 _aЕгиптология
_jДокументы и материалы
_xИстория
_91179967
_3RU\NLR\AUTH\66157027
607 _aЕгипет Древний
_jКаталоги
_xв искусстве
_92196590
_3RU\NLR\AUTH\6601555456
686 1 _aТ1(0)0-1(0)310
686 1 _aТ3(0)310г
686 1 _aЩ03(0)-3 л62
686 1 _aЩ103(0)л62
686 1 _aЩ101.3(2Р)-2Санкт-Петербург2Эрмитаж л62
702 1 _aШампольон
_bЖ. Ф.
_f1790-1832
_gЖан Франсуа
_4280
711 1 2 _a"Египтомания. К 200-летию дешифровки египетских иероглифов Ж.-Ф. Шампольоном", выставка
_eСанкт-Петербург
_f2022-2023
_9830394
_3RU\NLR\AUTH\880582289
712 0 2 _4557
_aГосударственный Эрмитаж
_cСанкт-Петербург
_9277747
_3RU\NLR\AUTH\883267
942 _cBOOK
980 _aNB